000 00565nam a2200229 a 4500
001 nice12345678
003 IN_TiNIC
005 20260116011632.0
008 050524s1938 lona grp 000 0 eng
020 _a
_c0
082 0 0 _a150
_bSTU
100 _aStuart, Grace
245 _aAchievement of Personality in the Light of Psychology and Religion.
260 _aLondon
_bScm Press
_c1938
300 _a191p
500 _aincludes index and biblioraphy
505 2 _aIndex
700 1 _aStuart, Grace
902 _bSRS
942 _cBK
999 _c3029
_d3029